| 000 | 01413nam a2200241Ia 4500 | ||
|---|---|---|---|
| 003 | Ost | ||
| 005 | 20260507075100.0 | ||
| 008 | 260507s9999||||xx |||||||||||||| ||und|| | ||
| 040 | _cfsecg | ||
| 041 | _aara | ||
| 082 | _a657 | ||
| 100 |
_aالحلبي، نبيل _eمؤلف |
||
| 245 | 0 |
_aالمحاسبة في المنشآت الفردية : _bأصول القياس المحاسبي / _c نبيل الحلبي |
|
| 260 |
_aاربد: _bدار الأمل, _c1998 |
||
| 300 |
_a302 صفحة؛ _bإيضاحات ؛ _c24 سم |
||
| 490 | _aكتب المحاسبة | ||
| 504 | _aبيبليوغرافيا ص.299 | ||
| 520 | _aالأصول الثابتة والتسويات الجردية،المخزون السلعي(البضاعة)والتسويات الجردية،المدينون وأوراق القبض والتسويات الجردية،الالتزامات والتسويات الجردية،التسويات الجردية لحسابات المصروفات والإيرادات،القوائم المالية الختامية،العلاقة بين المحاسبة والحاسوب | ||
| 653 | _aالمحاسبة | ||
| 700 |
_aالجبالي، محمود علي _eمؤلف ثانوي |
||
| 700 |
_aميالة، بطرس _eمؤلف ثانوي |
||
| 942 | _cكتاب | ||
| 999 |
_c42786 _d42786 |
||